000 00557nam a22001697a 4500
005 20251108164921.0
008 250721s2000 xx 000 0 ara d
082 1 4 _a965/صيد
100 1 _aصيداوي، رياض
245 1 0 _aصراعات النخب السياسية و العسكرية في الجزائر :
_bالحزب - الجيش - الدولة /
264 1 _aعمان :
_bدار الفارس،
_c2000.
300 _a176ص.
650 1 7 _aتاريخ الجزائر
650 1 7 _aالحرب الأهلية
942 _2ddc
_cBK
999 _c17415
_d17415